Регионална библиотека "Любен Каравелов" - Русе

Да играем тенис на маса (Запис номер 184992)

MARC детайли
000 -Лидер
Контролно поле с фиксирана дължина nam a22 a 4500
003 - Код на организацията, давaща контролен номер
Контролно поле BLK
005 - Дата и час на последна редакция
Контролно поле 20230208095048.0
008 - Елементи от данни с фиксирана дължина
fixed length control field 180411b bul|||||r ||||||| ||bul||
010 ## - Наследен системен номер
LC control number KNG00193969000
040 ## - Източник на каталожния запис
Идентификатор на билиотеката - собственик на записа BLK
041 ## - Код за език
Код за езика на текст/звукозапис или на отделно заглавие Български
Код за езика КДБФ Български
080 ## - УДК
Текстов определител УДК Тенис на маса
УДК код - определител по УДК 796.386
УДК определител (035)
УДК - код + определител 796.386(035)
100 1# - Редна дума - Автор
Автор Дряновски, Йото Иванов
Авторска отговорност първи автор
R(LIN) 337425
139 ## - Редно поле
Редна дума Дряновски, Йото Иванов и др.
Авторски знак Друм - Д 91
245 10 - Сведения за заглавието
Заглавие Да играем тенис на маса
Подзаглавни данни Ръководство
Редно поле (дума) Йото Иванов Дряновски, Исак Коен.
257 ## - Страна на издаване
Страна на създаване/издаване България
260 ## - Област на издателските данни
Име на издателя, разпространителя и проч. Медицина и физкултура
Година на издаване 1986
Печатница (Пловдив : Д. Благоев)
Място на издаване, разпространение и проч. София
300 ## - Физическа характеристика
Страници 120 с.
Илюстрации и др. с ил.
Размери/Мащаб 20 см
380 ## - Жанр
Жанр 793/799 Спорт
490 ## - СЕРИИ (Колекции)
Име на серия За младия спортист
9 (RLIN) 201620
500 ## - Общи забележки
Забележка 5 817 тир.
650 #4 - Допълнително описание по предмет – тема
Основно описание – тема или топоним Тенис на маса - наръчници и ръководства
9 (RLIN) 337813
700 1# - Други автори (авторска отговорност)
Лично име Коен, Исак
Автороска отговорност (Описва отношението между автора и произведението) съавт.
9 (RLIN) 343686
852 ## - Местоположение
Форматна сигнатура Цб 143280
Фондова буква Хранилище
999 ## - СИСТЕМНИ КОНТРОЛНИ НОМЕРА
Koha biblionumber 184992
Koha biblioitemnumber 184992
942 ## - АРТИКУЛИ
Вид на библиотечния материал Книги
Скрит в OPAC Не
Периодичен библиозапис Да
944 ## - СЪЗДАВАНЕ И РЕДАКЦИЯ на ЗАПИСА
Създаване/Редакция Създаване
Дата на регистрацията/редакция 20.10.2016
Служител, извършил регистрацията/редакцията Кети_Илиева
944 ## - СЪЗДАВАНЕ И РЕДАКЦИЯ на ЗАПИСА
Създаване/Редакция Редакция
Дата на регистрацията/редакция 2023-02-08
Служител, извършил регистрацията/редакцията Ренета Константинова
Наличности
Код за отписване Код за изгубен артикул Източник на класификационната схема Код за повреда Коз за рестрикции Код за отдаване Артикулен № Име на библиотеката - собственик Име на библиотеката, в която се намира в момента Статус (Текущо местоположение) Дата на вписване в системата Местоположение - отдел Цена в лева Инвентарен номер Систематично азбучна сигнатура Баркод Номер на екземпляра Цена в евро Служебна бележка Служебен тип на артикула
  Не е изгубен Universal Decimal Classification Не е повреден само за читалня ползва се в читалня 320179 Регионална библиотека "Любен Каравелов" Русе Регионална библиотека "Любен Каравелов" Русе Хранилище 1986-01-01 Хранилище 0.83 453412 Цб 143280 120000453412 1 0.42 Вид: Сф Дата: 01.01.1986 Книги
Изтеглен Не е изгубен Universal Decimal Classification Не е повреден без рестрикции ползва се в читалня 320180 Регионална библиотека "Любен Каравелов" Русе Регионална библиотека "Любен Каравелов" Русе Хранилище 1986-01-01 Основен фонд - ползва се само за читалня 0.83 471883 Цб 143280 120000471883 2 0.42 Вид: Сф Дата: 01.01.1986 Книги
Изтеглен Не е изгубен Universal Decimal Classification Не е повреден без рестрикции заемане за дома 320181 Регионална библиотека "Любен Каравелов" Русе Регионална библиотека "Любен Каравелов" Русе Заемна - подръчен фонд 1986-01-01 Заемна - подръчен фонд 0.83 452794 П 796.3/Д 91 452794 3 0.42 Вид: Сф Дата: 01.01.1986 Книги
Изтеглен Не е изгубен Universal Decimal Classification Не е повреден без рестрикции заемане за дома 320182 Регионална библиотека "Любен Каравелов" Русе Регионална библиотека "Любен Каравелов" Русе Заемна - подръчен фонд 1986-01-01 Заемна - подръчен фонд 0.83 452795 П 796.3/Д 91 452795 4 0.42 Вид: Сф Дата: 01.01.1986 Книги
Изтеглен Не е изгубен Universal Decimal Classification Не е повреден без рестрикции заемане за дома 320183 Регионална библиотека "Любен Каравелов" Русе Регионална библиотека "Любен Каравелов" Русе Заемна - подръчен фонд 1986-01-01 Заемна - подръчен фонд 0.83 471881 П 796.3/Д 91 471881 5 0.42 Вид: Сф Дата: 01.01.1986 Книги
Изтеглен Не е изгубен Universal Decimal Classification Не е повреден без рестрикции заемане за дома 320184 Регионална библиотека "Любен Каравелов" Русе Регионална библиотека "Любен Каравелов" Русе Заемна - подръчен фонд 1986-01-01 Заемна - подръчен фонд 0.83 471882 П 796.3/Д 91 471882 6 0.42 Вид: Сф Дата: 01.01.1986 Книги
Vip Innovations Ltd, Rousse, Bulgaria 2025